000 01179nam a2200349 c 4500
003 BLK
005 20250801092707.0
008 180408b bul|||||r ||||||| ||bul||
010 _aKNG00044525000
020 _a978-954-655-228-0
_bиздат.: Бард
040 _aBLK
041 _aBUL
_cBUL
072 7 _2bullib
_aН83
_xЧужда художествена литература Н
080 _aТурска литература
_b821.512.161
_x-31
_z821.512.161-31
100 1 _aТан, Чанан
_eпърви автор
_9277467
700 1 _aХристова, Мариана
_eпрев.
_9365821
139 _aТан, Чанан
_bТ 28
245 1 0 _aПирайе
_bРоман
_cЧанан Тан; прев. Мариана Христова.
257 _aTUR
260 София
_bБард
_c2011
300 _a340 с.
_c21 см
380 _aX
500 _aОриг. загл. Piraye / Canan Tan.
653 _aромани
659 _aН
852 _aЦб 253962
856 4 _qpdf
_u
856 4 _qpdf
_u
942 _cKNG
_n0
_042
944 _aCR
_c09.12.2011
_lМартин Енчев
_k30575
944 _aED
_c13.12.2011
_lф /
_k
999 _c41001
_d41001